[Event "Steyr Landesliga 1415"]
[Site "Austria"]
[Date "2015.01.24"]
[Round "6.7"]
[White "Horvath, Reka"]
[Black "Oswald, Heinz"]
[Result "0-1"]
[WhiteElo "2038"]
[BlackElo "1985"]
[PlyCount "136"]
[EventDate "2014.09.27"]
[EventType "team-tourn"]
[EventRounds "11"]
[EventCountry "AUT"]
[SourceTitle "EXT 2016"]
[Source "ChessBase"]
[SourceDate "2015.10.08"]
[SourceVersion "1"]
[SourceVersionDate "2015.10.08"]
[SourceQuality "1"]
[WhiteTeam "Feldbach Kirchberg"]
[BlackTeam "Leibnitz Software"]
[WhiteTeamCountry "AUT"]
[BlackTeamCountry "AUT"]

1. Nf3 d5 2. g3 Nf6 3. Bg2 Bf5 4. 0-0 h6 5. c4 c6 6. b3 e6 7. Bb2 Nbd7 8. Nc3 Be7 9. d3 0-0 10. Re1 Bh7 11. Rc1 Qb6 12. cxd5 exd5 13. e4 dxe4 14. dxe4 Rad8 15. Qe2 Bb4 16. e5 Bxc3 17. Rxc3 Rfe8 18. Qc4 Nd5 19. Rcc1 Qb4 20. Qe2 Qa5 21. a3 Qb6 22. Qc4 a6 23. Bh3 Qb5 24. Bxd7 Rxd7 25. Qg4 Rde7 26. Nd4 Qd3 27. e6 f6 28. Rcd1 Qg6 29. Qe2 Nf4 30. Qc4 Nd3 31. Re2 Ne5 32. Qc5 Qg4 33. Rde1 Nd3 34. Qc4 Nxe1 35. Rxe1 Qg5 36. Bc3 Qd5 37. Bb4 Qxc4 38. bxc4 c5 39. Bxc5 Rc7 40. Bb6 Rxc4 41. Rd1 Rc3 42. a4 Rc4 43. a5 Kf8 44. Re1 Ke7 45. h4 Rec8 46. Re2 Rb4 47. Re3 Rcc4 48. Nb3 Rb5 49. f4 Rc2 50. g4 Be4 51. Bc5+ Ke8 52. Rxe4 Rxb3 53. Bf2 Rbb2 54. Be1 Re2 55. Rxe2 Rxe2 56. Bf2 Rxe6 57. Kg2 Kd7 58. Kf3 Kc6 59. Bd4 Kd5 60. Bb2 Rc6 61. h5 Ke6 62. g5 Kf5 63. Kg3 Rc5 64. gxf6 gxf6 65. Kh4 Rxa5 66. Bc3 Ra2 67. Bb4 Rh2+ 68. Kg3 Rxh5 0-1

[Event "AUT-ch"]
[Site "Feistritz an der Drau"]
[Date "2014.08.24"]
[Round "1"]
[White "Neuschmied, Siegfried"]
[Black "Oswald, Heinz"]
[Result "1-0"]
[WhiteElo "2241"]
[BlackElo "2000"]
[PlyCount "69"]
[EventDate "2014.08.24"]
[EventType "swiss"]
[EventRounds "9"]
[EventCountry "AUT"]
[SourceTitle "CBM 162 Extra"]
[Source "ChessBase"]
[SourceDate "2014.10.17"]
[SourceVersion "1"]
[SourceVersionDate "2014.10.17"]
[SourceQuality "1"]

1. e4 d5 2. exd5 Nf6 3. d4 Bg4 4. f3 Bf5 5. Bb5+ c6 6. dxc6 Qa5+ 7. Nc3 bxc6 8. Bd3 e6 9. Nge2 Bd6 10. 0-0 Qc7 11. h3 Bh2+ 12. Kh1 Bxd3 13. Qxd3 Bd6 14. Ne4 Be7 15. Bf4 Qd8 16. Qb3 Nd5 17. Bh2 0-0 18. c4 Nf6 19. Qb7 Qd7 20. Qb3 Nxe4 21. fxe4 Bd6 22. e5 Be7 23. Rad1 Na6 24. Qe3 Qb7 25. b3 Rad8 26. Nc3 Nb4 27. Bg1 h6 28. Qe2 Qa6 29. Rf3 Qa5 30. Be3 c5 31. d5 exd5 32. cxd5 Nc6 33. dxc6 Qxc3 34. Rxd8 Rxd8 35. Bg5 1-0

[Event "Steyr Landesliga 1213"]
[Site "Austria"]
[Date "2013.04.13"]
[Round "9.7"]
[White "Eder, Matthias"]
[Black "Oswald, Heinz"]
[Result "1-0"]
[WhiteElo "2080"]
[BlackElo "1995"]
[PlyCount "155"]
[EventDate "2012.09.22"]
[EventType "team-tourn"]
[EventRounds "11"]
[EventCountry "AUT"]
[SourceTitle "EXT 2014"]
[Source "ChessBase"]
[SourceDate "2013.11.20"]
[SourceVersion "1"]
[SourceVersionDate "2013.11.20"]
[SourceQuality "1"]
[WhiteTeam "Graz Schachfreunde"]
[BlackTeam "Leibnitz"]
[WhiteTeamCountry "AUT"]
[BlackTeamCountry "AUT"]

1. e4 d5 2. d4 e6 3. e5 c5 4. c3 Nc6 5. Nf3 Qb6 6. Bd3 Nge7 7. 0-0 cxd4 8. Re1 g6 9. cxd4 Nb4 10. Bf1 Bg7 11. Nc3 0-0 12. Bf4 Bd7 13. Qb3 Nf5 14. Red1 Rfc8 15. a3 Nc6 16. Qxb6 axb6 17. g4 Nfe7 18. Nb5 Na5 19. Nd6 Rc2 20. Rd2 Rc7 21. Rd3 Rc2 22. Rc1 Rxc1 23. Bxc1 Nc8 24. b4 Nxd6 25. bxa5 Rc8 26. Bf4 Ne4 27. axb6 Bb5 28. Rd1 Ba4 29. Rc1 Rxc1 30. Bxc1 Nc3 31. Ne1 Bd1 32. Bd2 Na4 33. Ba5 Bf8 34. Ba6 Bxa3 35. Bxb7 Nxb6 36. Bxb6 Bxg4 37. Nd3 Be7 38. Kg2 Bd1 39. Ba6 Bc2 40. Ne1 Bd1 41. Bd3 Kg7 42. Nf3 Ba3 43. Nd2 Bb2 44. Bc5 Bc1 45. Nb1 Bb2 46. Na3 f6 47. exf6+ Kxf6 48. Nb5 e5 49. f3 Ba4 50. Kf2 Bc1 51. dxe5+ Kxe5 52. Bd4+ Ke6 53. Nc3 Bb3 54. Ne2 Bd2 55. Bc3 Bxc3 56. Nxc3 Ke5 57. Ne2 Kf6 58. h4 h6 59. Ke3 g5 60. h5 d4+ 61. Kxd4 Bf7 62. Ng3 Be8 63. Be4 Bd7 64. Bg6 Bh3 65. Kd5 Bg2 66. Be4 Bh3 67. Kd6 Be6 68. Bd5 Bh3 69. Ne4+ Kg7 70. Ke7 Bg2 71. Nf6 Bh1 72. Be4 Bg2 73. Ne8+ Kh8 74. Nd6 Bh1 75. Kf6 Kg8 76. Kg6 Kf8 77. Kxh6 Ke7 78. Kxg5 1-0

[Event "Graz op"]
[Site "Graz"]
[Date "2005.09.05"]
[Round "3"]
[White "Oswald, Heinz"]
[Black "Mar, Karmen"]
[Result "0-1"]
[WhiteElo "2004"]
[BlackElo "2125"]
[PlyCount "116"]
[EventDate "2005.09.03"]
[EventType "swiss"]
[EventRounds "9"]
[EventCountry "AUT"]
[SourceTitle "EXT 2007"]
[Source "ChessBase"]
[SourceDate "2006.11.23"]
[SourceVersion "1"]
[SourceVersionDate "2006.11.23"]
[SourceQuality "1"]

1. e4 c5 2. c3 d5 3. exd5 Qxd5 4. d4 Nf6 5. Nf3 Bg4 6. Be2 e6 7. h3 Bh5 8. Be3 cxd4 9. Bxd4 Be7 10. Nbd2 Nc6 11. Qa4 0-0 12. Be3 a6 13. 0-0 b5 14. Qd1 Qd6 15. a4 bxa4 16. Qxa4 Nd5 17. Nc4 Qc7 18. Bd4 Bxf3 19. Bxf3 Nxd4 20. cxd4 Rfd8 21. Rfc1 Qf4 22. Rd1 Rab8 23. Qxa6 Nb4 24. Qa7 Bf6 25. Ne5 Bxe5 26. dxe5 Rxd1+ 27. Rxd1 Qxe5 28. Qe7 g6 29. Rd7 Qe1+ 30. Kh2 Rf8 31. h4 Qe5+ 32. g3 Qxb2 33. Kg2 Nc2 34. Kg1 Nd4 35. Kg2 Nf5 36. Qg5 h6 37. Qf4 Qb8 38. Qd2 Qe5 39. Kh3 h5 40. Qg5 Kh7 41. g4 hxg4+ 42. Bxg4 Qb5 43. Rd1 Qb3+ 44. Kg2 Qb7+ 45. Kh3 Rh8 46. Qf4 Nh6 47. Bf3 Qb5 48. Be4 Kg7 49. Rb1 Qc5 50. Rb7 Rc8 51. Kg2 Qh5 52. Kh3 Rc3+ 53. f3 Ra3 54. Bc6 Qf5+ 55. Qxf5 Nxf5 56. Be4 Nd6 57. Rb4 Nxe4 58. Rxe4 Rxf3+ 0-1

[Event "AUT-chT2M 0203"]
[Site "Austria"]
[Date "2002.10.12"]
[Round "2"]
[White "Oswald, Heinz"]
[Black "Benda, Herbert"]
[Result "0-1"]
[WhiteElo "1989"]
[BlackElo "2251"]
[PlyCount "102"]
[EventDate "2002.10.11"]
[EventType "team"]
[EventRounds "11"]
[EventCountry "AUT"]
[SourceTitle "CBM 090 Extra"]
[Source "ChessBase"]
[SourceDate "2002.11.07"]
[SourceVersion "1"]
[SourceVersionDate "2002.11.07"]
[SourceQuality "1"]

1. e4 c5 2. c3 Nf6 3. e5 Nd5 4. d4 cxd4 5. cxd4 e6 6. Nf3 Nc6 7. Nc3 Nxc3 8. bxc3 Be7 9. Bd3 d6 10. exd6 Qxd6 11. Ng5 h6 12. Ne4 Qd5 13. 0-0 Bd7 14. Be3 Na5 15. Nd2 Bc6 16. Be4 Qd7 17. Qh5 b6 18. f4 Rc8 19. Rac1 Bxe4 20. Nxe4 Qd5 21. Qf3 0-0 22. g4 f5 23. gxf5 Qxf5 24. Rc2 Nc4 25. Rg2 Rf7 26. Ng3 Qd5 27. Ne4 Nd6 28. Nxd6 Qxf3 29. Rxf3 Bxd6 30. Bd2 e5 31. dxe5 Bxe5 32. Rfg3 Bf6 33. f5 Kh7 34. h3 Rc5 35. Rf3 Rd7 36. Kh2 Be5+ 37. Kg1 Ra5 38. Be1 Rd1 39. Re2 Bf6 40. Kg2 Ra3 41. c4 Rxf3 42. Kxf3 Kg8 43. a4 Ra1 44. a5 bxa5 45. Bf2 Rc1 46. Re8+ Kh7 47. Ra8 Rxc4 48. Rxa7 a4 49. Bg3 Rc3+ 50. Kg2 a3 51. Bd6 Rc2+ 0-1